Flotsam / (Record no. 664)

MARC details
000 -LEADER
fixed length control field 01076nam a22003257a 4500
005 - DATE AND TIME OF LATEST TRANSACTION
control field 20250807092703.0
020 ## - INTERNATIONAL STANDARD BOOK NUMBER
International Standard Book Number 0618194576 (hc.)
020 ## - INTERNATIONAL STANDARD BOOK NUMBER
International Standard Book Number 1428702067 (BWI bdg.)
020 ## - INTERNATIONAL STANDARD BOOK NUMBER
International Standard Book Number 9780618194575
040 ## - CATALOGING SOURCE
Original cataloging agency BKX
Transcribing agency BKX
Modifying agency BAKER
-- UWC
-- IQU
-- DLC
Language of cataloging eng
050 00 - LIBRARY OF CONGRESS CALL NUMBER
Classification number PZ7.W6367
Item number Fl 2006
082 00 - DEWEY DECIMAL CLASSIFICATION NUMBER
Classification number [E]
Edition number 22
100 1# - MAIN ENTRY--PERSONAL NAME
Personal name Wiesner, David.
245 10 - TITLE STATEMENT
Title Flotsam /
Statement of responsibility, etc. David Wiesner.
260 ## - PUBLICATION, DISTRIBUTION, ETC.
Place of publication, distribution, etc. New York :
Name of publisher, distributor, etc. Clarion Books,
Date of publication, distribution, etc. 2006.
300 ## - PHYSICAL DESCRIPTION
Extent 39 unnumbered pages :
Other physical details color illustrations ;
Dimensions 24 x 30 cm.
505 ## - FORMATTED CONTENTS NOTE
Formatted contents note A <br/>
520 ## - SUMMARY, ETC.
Summary, etc. When a young boy discovers a camera on the beach and develops the film, he finds with his microscope many layers of pictures within the photographs.
521 ## - TARGET AUDIENCE NOTE
Target audience note 1 BR
Source Lexile <br/>
521 ## - TARGET AUDIENCE NOTE
Target audience note A <br/>
Source Raz-Plus <br/>
650 #0 - SUBJECT ADDED ENTRY--TOPICAL TERM
Topical term or geographic name entry element Cameras
Form subdivision Juvenile fiction.
650 #0 - SUBJECT ADDED ENTRY--TOPICAL TERM
Topical term or geographic name entry element Beaches
Form subdivision Juvenile fiction.
650 #0 - SUBJECT ADDED ENTRY--TOPICAL TERM
Topical term or geographic name entry element Stories without words.
650 #1 - SUBJECT ADDED ENTRY--TOPICAL TERM
Topical term or geographic name entry element Cameras
Form subdivision Fiction.
650 #1 - SUBJECT ADDED ENTRY--TOPICAL TERM
Topical term or geographic name entry element Beaches
Form subdivision Fiction.
650 #1 - SUBJECT ADDED ENTRY--TOPICAL TERM
Topical term or geographic name entry element Stories without words.
906 ## - LOCAL DATA ELEMENT F, LDF (RLIN)
a 7
b cbc
c copycat
d 2
e ncip
f 20
g y-gencatlg
942 ## - ADDED ENTRY ELEMENTS (KOHA)
Source of classification or shelving scheme Dewey Decimal Classification
Koha item type Books
Suppress in OPAC No
999 ## -
-- 664
-- 664
Holdings
Withdrawn status Lost status Source of classification or shelving scheme Damaged status Not for loan Collection Home library Current library Shelving location Date acquired Total Checkouts Full call number Barcode Date last seen Date last checked out Copy number Price effective from Koha item type
    Dewey Decimal Classification     Fiction Footprints International School Library Network Toul Kork Campus Footprints International School Library Network Toul Kork Campus Ocean Display Shelf TK Campus 06/28/2023 2 WIE Fic PZ7.W6367 FISTK04311 01/20/2026 01/13/2026 1 06/28/2023 Books
    Dewey Decimal Classification     Fiction Footprints International School Library Network Toul Tom Poung Campus Footprints International School Library Network Toul Tom Poung Campus TTP Primary Dark Blue Bookshelves 07/25/2025   WIE Fic PZ7.W6367 FIS03640 07/25/2025   2 07/25/2025 Books